| 000 | 00555nam a22002177i 4500 | ||
|---|---|---|---|
| 999 |
_c5533 _d5533 |
||
| 001 | 5799 | ||
| 003 | OSt | ||
| 005 | 20180914121729.0 | ||
| 007 | tu | ||
| 008 | 161220s1999 gw ||||| |||| ||| ||eng|d | ||
| 020 | _a3-925450-80-7 | ||
| 024 | 7 |
_a5799 _2RID |
|
| 024 | 7 |
_a5799 _2RSN (alt) |
|
| 040 | _cOSt | ||
| 041 | _aeng | ||
| 100 | 1 |
_aGumpel, Werner _eEd. |
|
| 245 | 0 | 0 | _aTurkey as a Political and Economic Factor in Europe and Central Asia |
| 260 |
_aMünchen : _bSüdosteuropa-Gesellschaft, _c1999. |
||
| 490 |
_aSüdosteuropa aktuell _v29 |
||
| 942 | _cB | ||